European Competitions Top 5 Scorers: 2002/03 - Statistics

General Stats
  • This quiz has been taken 5 times
  • The average score is 5 of 10
Answer Stats
Competition Goals Club Nationality Player % Correct
UEFA Cup 11 Celtic Sweden Henrik Larsson
100%
Champions League 12 Manchester United Netherlands Ruud van Nistelrooy
100%
Champions League 10 Milan Italy Filippo Inzaghi
80%
Champions League 9 Inter Argentina Hernan Crespo
80%
Champions League 9 Real Madrid Spain Raul
80%
Champions League 9 Coruna Netherlands Roy Makaay
80%
UEFA Cup 12 Porto Brazil Derlei
0%
UEFA Cup 9 Wisla Krakow Poland Maciej Zurawski
0%
UEFA Cup 6 Denizlispor Turkey Mustafa Ozkan
0%
UEFA Cup 7 Anderlecht Yugoslavia Nenad Jestrovic
0%
No matching quizzes found
Score Distribution
Percent of People with Each Score
Percentile by Number Answered
Your Score History
You have not taken this quiz